000 00361 a2200157 4500
001 46253
020 _a9788574064666
040 _cAnchieta - Aquarius
100 _aLOREIRO, LenĂ¡.
240 1 0 _aA cozinha da Dona Nininha
_lpor
245 1 0 _aA cozinha da Dona Nininha
300 _a
362 0 _a2012
650 4 _aLiteratura infanto-juvenil
942 _cBK
999 _c46253
_d46253